00588cam a22001931 4500001001300000003000400013005001700017008004100034010001700075035002000092040003600112042001200148050001900160100002900179245010100208260004300309300002700352999001500379af 48001823 DLC20260227110851.0890622s1944 be a 000 0 dut c aaf 48001823  a(OCoLC)19913451 aNew York. Public Libr.cCUdDLC apremarc00aPT6446.S34bH31 aSchuyter, Jan de,d1889-10aHavenlucht;bverhalen van de haven en van de rivier.cMet penteekeningen door René de Coninck. a[Kapellen]bBoekuil en Karveel,c1944. a122 p.billus.c19 cm. c4735d4735